Library Banner

Majjala tanzeem/ (Record no. 99551)

MARC details
000 -LEADER
fixed length control field 00368nam a22001337a 4500
005 - DATE AND TIME OF LATEST TRANSACTION
control field 20171026111023.0
008 - FIXED-LENGTH DATA ELEMENTS--GENERAL INFORMATION
fixed length control field 171026b xxu||||| |||| 00| 0 eng d
040 ## - CATALOGING SOURCE
Transcribing agency PK-LaUMT
082 ## - DEWEY DECIMAL CLASSIFICATION NUMBER
Classification number PKAC 297.74
Item number MAJ-
245 ## - TITLE STATEMENT
Title Majjala tanzeem/
260 ## - PUBLICATION, DISTRIBUTION, ETC. (IMPRINT)
Place of publication, distribution, etc لاہور:
Name of publisher, distributor, etc ادارہ تعلیمی تحقیق تنظیم اساتذہ ،
Date of publication, distribution, etc 1984
300 ## - PHYSICAL DESCRIPTION
Extent 112 ص
942 ## - ADDED ENTRY ELEMENTS (KOHA)
Koha item type Books
Holdings
Withdrawn status Lost status Damaged status Home library Current library Date acquired Full call number Barcode Date last seen Price effective from Koha item type
      UMT Main Campus UMT Main Campus 2017-10-26 PKAC 297.74 MAJ- 115211 2017-10-26 2017-10-26 Books